000 01048nam a2200277Ia 4500
003 OSt
005 20221005110029.0
006 a|||||r|||| 00| 0
007 ta
008 221004b |||||||| |||| 00| 0 hin d
020 _a8126020431 (pbk)
_c70
024 _a95970
037 _b535, 19/03/2009, Vani Prakashan
_cTextual
040 _aCRL
_cCRL
_bhin
041 _2hin
_ahin
082 _aO158,3M68x, 152P5
100 _aबेजबरूवा, लक्ष्मीनाथ
245 0 _aदादा और पोता
246 _aDādā aur potā
260 _aनई दिल्ली
_bसाहित्य अकादेमी भारत
_c2005
300 _a146पृ0
_ccm.
650 _aअसमी कहानी
700 _a दिनकर कुमार, अनु.
942 _hO158,3M68x, 152P5
_cTEXL
_2cc
999 _c1017581
_d1017581